LEADER 00997nam--2200361---450- 001 990002766510203316 005 20060623142624.0 010 $a88-16-60046-2 035 $a000276651 035 $aUSA01000276651 035 $a(ALEPH)000276651USA01 035 $a000276651 100 $a20060623d1985----km-y0itay50------ba 101 $aita 102 $aIT 105 $aa---||||001yy 200 1 $aCatalogo ragionato della pittura etrusca$fa cura di Stephan Steingraber 210 $aMilano$cJaca Book$d1985 215 $a399 p.$cin gran parte ill.$d35 cm 410 0$12001 454 1$12001 461 1$1001-------$12001 606 0 $aPittura etrusca$xCataloghi 676 $a759.01 702 1$aSTEINGRABER,$bStephan 801 0$aIT$bsalbc$gISBD 912 $a990002766510203316 951 $aI P STE 1$b1695 DBC$cI P 959 $aBK 969 $aDBC 979 $aDBC$b90$c20060623$lUSA01$h1426 996 $aCatalogo ragionato della pittura etrusca$9282627 997 $aUNISA LEADER 01303nam--2200385---450- 001 990005799960203316 005 20130124101823.0 035 $a000579996 035 $aUSA01000579996 035 $a(ALEPH)000579996USA01 035 $a000579996 100 $a20130124d2000----km-y0itay50------ba 101 $aita 102 $aIT 105 $a||||||||001yy 200 1 $aAlla ricerca degli alti rendimenti$ecome funzionano i nuovi strumenti finanziari, gli elementi da valutare e le insidie da evitare$fEdoardo Mezza 210 $aMilano$cIl Sole 24 ore$d2000 215 $a61 p.$d19 cm 225 2 $a<> guide di risparmio & famiglia$v8 300 $aSupplemento a: Il Sole 24 ore 410 0$a<> guide di risparmio & famiglia$v8 606 0 $aInvestimenti azionari$xGuide pratiche$2BNCF 676 $a332.6322 700 1$aMEZZA,$bEdoardo$0139728 801 0$aIT$bsalbc$gISBD 912 $a990005799960203316 951 $aXXXII.MISC. 106$b20488 E.C.$cXXXII.MISC.$d00318638 959 $aBK 969 $aUMA 979 $aCHIARA$b90$c20130124$lUSA01$h0924 979 $aCHIARA$b90$c20130124$lUSA01$h0949 979 $aCHIARA$b90$c20130124$lUSA01$h0953 979 $aCHIARA$b90$c20130124$lUSA01$h1018 996 $aAlla ricerca degli alti rendimenti$91080658 997 $aUNISA LEADER 04456nam0 22008413i 450 001 CFI0470493 005 20251003044142.0 010 $a8836503128 020 $aIT$b839988 100 $a20000509d1981 ||||0itac50 ba 101 | $aita$cita 102 $ait 181 1$6z01$ai $bxxxe 182 1$6z01$an 183 1$6z01$anc$2RDAcarrier 200 1 $aCampagna e industria$ei segni del lavoro$fTouring club italiano 210 $aMilano$cTouring club italiano$d1981 215 $a239 p.$cill.$d29 cm 225 | $aCapire l'Italia$v5 410 0$1001RAV0033304$12001 $aCapire l'Italia$v5 421 1$1001SBL0308046$12001 $aCampagna e industria$eitinerari$fTouring Club Italiano 500 10$aCampagna e industria$3USM0053413$9CFIV002046$9674178 606 $aCittą italiane$2FIR$3LO1C205795$9I 606 $aEdifici rurali$xItalia$2FIR$3CFIC001436$9I 606 $aEDIFICI INDUSTRIALI$xITALIA$2FIR$3MILC155831$9I 606 $aPaesaggio agrario$xItalia$2FIR$3SBLC008921$9E 606 $aArchitetture industriali$xItalia$2FIR$3SBLC143635$9I 676 $a307.70945$9Specifici tipi di comunita$v21 676 $a333.760945$9TERRENI RURALI TERRENI AGRICOLI. Italia$v22 676 $a338.0945$9$v12 676 $a338.10945$9AGRICOLTURA. Italia$v21 676 $a354.4$9Amministrazione dell'energia e delle industrie connesse all'energia$v14 676 $a709.45$9STORIA, GEOGRAFIA, PERSONE DELLE BELLE, ARTI E ARTI DECORATIVE. Italia$v14 676 $a712$9Paesistica (Architettura del paesaggio)$v14 676 $a712.0945$9$v21 676 $a725$9ARCHITETTURA. EDIFICI DI USO PUBBLICO$v12 676 $a725.4$9Architettura di edifici industriali$v18 676 $a725.4$9$v20 676 $a725.4$9ARCHITETTURA DI EDIFICI INDUSTRIALI$v23 676 $a725.40945$9EDIFICI INDUSTRIALI. ITALIA$v20 676 $a725.40945$9ARCHITETTURA DI EDIFICI INDUSTRIALI. Italia$v21 676 $a914.5$9GEOGRAFIA. ITALIA$v23 676 $a945$9STORIA D'ITALIA$v19 676 $a945$9STORIA. ITALIA$v21 686 $aIT/X420.0$cPOLITICA E CULTURA ITALIA$2R 686 $aIT/X430.0$cECONOMIA E SOCIETA ITALIA$2R 686 $aIT/X431.0$cAGRICOLTURA ITALIA$2R 686 $aIT/X432.0$cINDUSTRIA ITALIA$2R 710 02$aTouring club italiano$3CFIV002046$4070$05623 791 02$aTCI$3CFIV148662$zTouring club italiano 791 02$aTouring club of Italy$3CFIV178973$zTouring club italiano 791 02$aItalienischer Touring Club$3CFIV277665$zTouring club italiano 791 02$aTouring club editore$3CFIV323587$zTouring club italiano 791 02$aTouring club ciclistico italiano$3NAPV111118$zTouring club italiano 791 02$aConsociazione turistica italiana$3RAVV054909$yTouring club italiano 801 3$aIT$bIT-000000$c20000509 850 $aIT-BN0095 $aIT-NA0243 $aIT-NA0045 $aIT-AV0007 $aIT-NA0322 $aIT-NA0079 $aIT-NA0189 $aIT-NA0206 $aIT-BN0116 $aIT-NA0298 $aIT-BN0015 901 $bNAP GA$cF.CORRIDOI$nFondo antico e moderno 901 $bNAP BN$cD $nComprende volumi con collocazioni per formato catalogati prima del 1987. La consegna del doc. é effettuata dall'Uff. Distribuzione. 901 $bNAP FA$cA $n$ 901 $bNAP GC$cMEDIATECA1$n$ 901 $bNAP AV$cSEZ. M $nSezione Moderna 901 $bNAP 01$cPOZZO LIB.$nVi sono collocati fondi di economia, periodici di ingegneria e scienze, periodici di economia e statistica e altri fondi comprendenti documenti di economia pervenuti in dono. 901 $bNAP 67$cSALA F $nComprende monografie di vario argomento 901 $bNAP BF$cST. GEOGR.$n$ 901 $bNAP PB$cP. LETTURA$n$ 901 $bNAP DP$cF DAM $nFondo Angelo D'Ambrosio 912 $aCFI0470493 950 0$aBiblioteca Centralizzata di Ateneo$c1 v.$d 01POZZO LIB.F. FRAGOLA 159$e 0101 0060067145E VMA 1 v. (Precedente collocazione F 417)$fB $h20221021$i20221021 950 0$aCentro Librario e Bibliotecario per la Diffusione della cultura$c1 v.$d 67SALA F GEO 69/5$e 67 0000410005 VMA 1 v.$fA $h20210928$i20210928 977 $a 01$a 67$a AB$a AM$a AV$a BF$a BN$a DP$a FA$a GA$a GC$a GI$a PB$a SP 996 $aCampagna e industria$9674178 997 $aUNISANNIO